000
00331pam a2200145 a 4500
020
_c
041
_a
eng
082
_a
628.505
_b
MAN
100
_a
Stanley .
245
_a
Environmental Science And technology
_h
Textual Documents
260
_a
[s.l]:
_b
Lewis Publishers
300
_a
641p.
700
_a
E.Manahan.
930
_a
13859
999
_c
90760
_d
90760